| 000 | 01263nam a2200433 a 4500 | ||
|---|---|---|---|
| 003 | AR-BaBNM | ||
| 005 | 20251128210309.0 | ||
| 008 | 082120s2002 ||||||||||||||000 | spa|| | ||
| 020 | _a84-7133-660-x | ||
| 040 | _cAR-BaBNM | ||
| 100 | 1 | _aDe Landsheere, Gilbert | |
| 245 | 0 | 0 | _aEl pilotaje de los sistemas educativos |
| 250 | _a2ª ed. | ||
| 260 |
_aMadrid _bLa muralla _bOEI _c1999 |
||
| 300 |
_a205 p. _bgráfs. |
||
| 490 | 0 | _aAula abierta | |
| 500 | _aOEI: Organización de Estados Iberoamericanos para la Educación, la Ciencia y la Cultura | ||
| 504 | _aContiene bibliografía p. 199-205 | ||
| 650 | 4 | _aADMINISTRACION DE LA EDUCACION | |
| 650 | 4 | _aEVALUACION | |
| 650 | 4 | _aPLANIFICACION DE LA EDUCACION | |
| 650 | 4 | _aENSEÑANZA DE LAS MATEMATICAS | |
| 650 | 4 | _aENSEÑANZA DE LA CIENCIA | |
| 651 | 4 | _aInglaterra | |
| 651 | 4 | _aSuecia | |
| 651 | 4 | _aNueva Zelandia | |
| 651 | 4 | _aFrancia | |
| 651 | 4 | _aEstados Unidos | |
| 651 | 4 | _aDinamarca | |
| 651 | 4 | _aCanadá | |
| 651 | 4 | _aAustralia | |
| 653 | _aGESTION EDUCATIVA | ||
| 653 | _aINVESTIGACION EDUCATIVA | ||
| 653 | _aCOMPRENSION LECTORA | ||
| 700 | 1 |
_aLópez Rupérez, F. _etraductor |
|
| 800 | 1 |
_aCasanova, María Antonia _edirector |
|
| 942 | _cBK | ||
| 998 | _cRaquel | ||
| 999 |
_c14842 _d14842 |
||